000 00239nam a2200097Ia 4500
001 1208549
005 20250827022848.0
008 250824s9999 xx 000 0 und d
245 0 _aYALANCI DÜNYA
_cORHAN KEMAL
260 _bEVEREST YAYINLARI
999 _c1208549
_d1208549